<The> Lenght and cost of banking crises

Guardado en:
Detalles Bibliográficos
Autor principal: Frydl, Edward J.
Formato: Libro
Lenguaje:inglés
Publicado: Washington International Monetary Fund 1999
Colección:IMF Working Paper 30
Materias:
Etiquetas: Agregar Etiqueta
Sin Etiquetas, Sea el primero en etiquetar este registro!

MARC

LEADER 00000nam a2200000 4500
001 c110402
005 20221221082842.0
041 0 |a eng 
044 |a US 
245 1 0 |a <The> Lenght and cost of banking crises  |c Edward J. Frydl 
264 1 |a Washington  |b International Monetary Fund  |c 1999 
300 |a 32 s. 
490 1 |a IMF Working Paper  |v 30 
830 0 |a IMF Working Paper  |v 30 
610 2 0 |a kríza banková 
610 2 0 |a dohľad bankový 
610 2 0 |a porovnanie medzinárodné 
100 1 |a Frydl, Edward J.